History Quiz

Random History or Clickable Quiz

Ruler and Empire Match-up Quiz Stats

 Plays Quiz Updated Aug 26, 2015

Also try: Titles of Power
Challenge
Share
Tweet
Score 0/22 Timer 06:00
5 Plays Today
% Correct
Genghis Khan
95.7%
Hirohito
94.2%
Victoria
93.3%
Nero
90.8%
Attila
89.9%
Catherine the Great
89.3%
Isabella I
88.2%
Wilhelm II
86.8%
Alexander the Great
86.6%
Moctezuma I
86.4%
Charlemagne
85%
% Correct
Hatshepsut
78%
Gustavus Adolphus
72.7%
Atahualpa
68.5%
Suleiman I
67.3%
Justinian I
64.8%
Haile Selassie I
64.6%
Empress Dowager Cixi
63%
Xerxes I
54.5%
Shah Jahan
45%
Mansa Musa
41.8%
Ashoka
29.8%

You're not logged in!

Compare scores with friends on all Sporcle quizzes.
Join for Free
OR
Log In

You Might Also Like...

Show Comments

Extras

Top Quizzes Today


Score Distribution

Your Account Isn't Verified!

In order to create a playlist on Sporcle, you need to verify the email address you used during registration. Go to your Sporcle Settings to finish the process.

Report this User

Report this user for behavior that violates our Community Guidelines.

Details: